| 000 | 00588nam a2200181Ia 4500 | ||
|---|---|---|---|
| 999 |
_c21074 _d21074 |
||
| 082 | _aTL.0057 | ||
| 100 | _aLalitha, Y.R. | ||
| 245 | 0 | _aStudy of creativity in relation to teaching competency of B.Ed. teacher trainees studying in the colleges of education of Bangalore University | |
| 260 |
_c1995 _bBangalore University |
||
| 300 | _av.p. + C D - 48 | ||
| 650 | _aTEACHING | ||
| 650 | _aSTUDENT TEACHERS | ||
| 650 | _aBANGALORE UNIVERSITY - COLLEGE OF EDUCATION | ||
| 650 | _aTEACHERS - TRAINING OF | ||
| 650 | _aCREATIVE ABILITY | ||
| 710 | _aShivappa, D. | ||
| 942 |
_cTH _2ddc |
||